000 00503pab a2200157 454500
008 180718b2002 xxu||||| |||| 00| 0 eng d
100 _aGragg, Richard D.,III
245 _aMolecular biomarkers as measures of environmental justice: a proposed health assessment paradigm
260 _c2002
300 _ap.281-303.
650 _aEnvironmental legislation
700 _aChristaldi, Ronald A.
700 _aGasana, Janvier
773 _aInternational Journal of Public Administration
909 _a52801
999 _c52801
_d52801